Ley Reguladora del Transporte Remunerado de Personas en Vehículos Automotores n° 3503, actualizada al 2 de febrero de 1968

Guardado en:
書目詳細資料
企業作者: Costa Rica. Ministerio de Obras Públicas y Transportes
格式: Texto
出版: San José: Imprenta Nacional
主題:
標簽: 添加標簽
沒有標簽, 成為第一個標記此記錄!

MARC

LEADER 00000 a a2200000 04500
001 17376
003
040
090 |a 020000  
110 |a Costa Rica. Ministerio de Obras Públicas y Transportes  
245 |a Ley Reguladora del Transporte Remunerado de Personas en Vehículos Automotores n° 3503, actualizada al 2 de febrero de 1968  
260 |a San José:   |b Imprenta Nacional  
300 |a 16 p.  
650 |a TRANSPORTE PUBLICO  
650 |a LEGISLACION  
999 |c 17299  |d 17299